01819cam a22004574i 4500003000900000005001700009008004100026020001500067035002700082040003300109049000900142082001700151100002900168245008200197264005800279300003800337336002100375337002500396338002300421504002800444505021500472526001000687526001000697526001000707526001000717526000800727526000800735526000800743526000800751526000800759526000800767526000800775650003800783942001400821949012900835994001400964596000600978999015800984980005501142952016401197PE-LiUPU20250731173137.0150623s2000 ilu rb 000 0 eng d a0830822399 a(Sirsi) i9780830822393 aPE-LiUPUbspacPE-LiUPUerda aPRUA04a266bE612211 aEngel, James F.,eautor.10aChanging the mind of missions :bwhere have we gone wrong? /cJames F. Engel. 1aDowners Grove, Illinois :bInterVarsity Press,c2000. a192 páginas ;c21 centímetros atext2rdacontent aunmediated2rdamedia avolume2rdacarrier aIncluye bibliografía.0 aA clouded future? -- Where in the world is Jerusalem? -- What's gone wrong with the harvest? -- Missions in a postmodern world -- The church in missions -- The missions agency -- Missions in a postmodern world. aSEG42 aSEG41 aSEG40 aSEG39 aP94 aP87 aP86 aP85 aP77 aP76 aP3504aMisión de la iglesiaySiglo XX. 2ddccBOOK a266 E61wDEWEYc1i52686lCCODEBUL1mBULp4.00r0sYtBOOKu2015-6-24xTEOLOGIAPP350COMPRAo.STAFF. Colección Teología aC0bPEPRU a1 a266 E61wDEWEYc34171i52348d34171f2021-11-10g5lCCODEBUL1mBULp4.00q1r0sYtBOOKu2015-6-24xTEOLOGIAPP350COMPRAo.STAFF. Colección Teología 81gALBERTO SANCHEZ Responsable de Automatización r2025-12-02 00:00:00i6l0o266 E61p52348te1v9.00w2015-06-24xFTyBKzinventario-2023-12-13102ddc50708GENfP35aBULbBULcGENd2015-06-24eCOMPRAg4.00